Mites Injurious to Economic Plants (Record no. 371912)
[ view plain ]
| 000 -LEADER | |
|---|---|
| fixed length control field | 00295nam a22001217a 4500 |
| 020 ## - INTERNATIONAL STANDARD BOOK NUMBER | |
| International Standard Book Number | 0520023811 |
| 082 ## - DEWEY DECIMAL CLASSIFICATION NUMBER | |
| Classification number | 632.6542 JEP |
| 100 ## - MAIN ENTRY--PERSONAL NAME | |
| Personal name | LEE R JEPPSON |
| 245 ## - TITLE STATEMENT | |
| Title | Mites Injurious to Economic Plants |
| 260 ## - PUBLICATION, DISTRIBUTION, ETC. (IMPRINT) | |
| Place of publication, distribution, etc. | London |
| Name of publisher, distributor, etc. | University of California Press |
| Date of publication, distribution, etc. | 1975 |
| 300 ## - PHYSICAL DESCRIPTION | |
| Extent | 614p |
| 942 ## - ADDED ENTRY ELEMENTS (KOHA) | |
| Koha item type | Books (General) |
| Withdrawn status | Lost status | Damaged status | Not for loan | Collection code | Home library | Current library | Shelving location | Date acquired | Total Checkouts | Full call number | Barcode | Date last seen | Date checked out | Price effective from | Koha item type |
|---|---|---|---|---|---|---|---|---|---|---|---|---|---|---|---|
| Malayalam | College of Agriculture, Vellayani | College of Agriculture, Vellayani | 18/11/2023 | 2 | 632.6542 JEP | KAU_COAV-20199 | 12/11/2024 | 30/10/2024 | 18/11/2023 | Books (General) |
